Responsabilidad social, autorregulación y legislación en radio y televisión (Record no. 129896)

MARC details
000 -LEADER
fixed length control field 01133cac a2200241 4500
005 - DATE AND TIME OF LATEST TRANSACTION
control field 20230823115534.0
008 - FIXED-LENGTH DATA ELEMENTS--GENERAL INFORMATION
fixed length control field 090422s2002 mx 000 0 spa u
020 ## - INTERNATIONAL STANDARD BOOK NUMBER
International Standard Book Number 9703201016
050 04 - LIBRARY OF CONGRESS CALL NUMBER
Classification number KGF4400
Item number S46 2002
111 1# - MAIN ENTRY--MEETING NAME
Meeting name or jurisdiction name as entry element Seminario Nacional Responsabiblidad Social, Autorregulación y Legislación en radio y Televisión
Date of meeting (16 al 19 de julio de 2001 :
Location of meeting Morelia, Michoacán)
245 10 - TITLE STATEMENT
Title Responsabilidad social, autorregulación y legislación en radio y televisión
Statement of responsibility, etc / Armando Alfonso Jiménez, coordinador ; autores Salvador Galván Infante,...[et al].
250 ## - EDITION STATEMENT
Edition statement 1a ed.
260 ## - PUBLICATION, DISTRIBUTION, ETC. (IMPRINT)
Place of publication, distribution, etc México :
Name of publisher, distributor, etc Universidad Nacional Autónoma de México,
Date of publication, distribution, etc 2002
300 ## - PHYSICAL DESCRIPTION
Extent vii, 149 p. ;
Dimensions 21 cm.
490 0# - SERIES STATEMENT
Series statement Estudios jurídicos ;
Volume number/sequential designation no. 30
504 ## - BIBLIOGRAPHY, ETC. NOTE
Bibliography, etc Bibliografía : p. 148-149
650 #7 - SUBJECT ADDED ENTRY--TOPICAL TERM
Source of heading or term lemb
Topical term or geographic name as entry element Televisión
General subdivision Legislación
Form subdivision Congresos
Geographic subdivision México
650 #7 - SUBJECT ADDED ENTRY--TOPICAL TERM
Source of heading or term lemb
Topical term or geographic name as entry element Radio
General subdivision Legislación
Form subdivision Congresos
Geographic subdivision México
650 #7 - SUBJECT ADDED ENTRY--TOPICAL TERM
Source of heading or term lemb
Topical term or geographic name as entry element Libertad de prensa
Form subdivision Congresos
Geographic subdivision México
650 #4 - SUBJECT ADDED ENTRY--TOPICAL TERM
Topical term or geographic name as entry element Responsabilidad social de la empresa
Form subdivision Congresos
Geographic subdivision México
700 1# - ADDED ENTRY--PERSONAL NAME
Personal name Alfonso Jiménez, Armando,
Relator term coordinador
942 ## - ADDED ENTRY ELEMENTS (KOHA)
Source of classification or shelving scheme Biblioteca del Cogreso de los Estados Unidos
Koha item type Libro
Holdings
Estado de pérdida Fuente de clasificación Estado del daño No para préstamo Ubicación permanente Ubicación actual Apartado o colección Fecha de adquisición Edición Área del conocimiento Total Checkouts Clasificación Código de Barras Date last seen Número de copia Costo por reposición Tipo de recurso
  Biblioteca del Cogreso de los Estados Unidos     Biblioteca de la Facultad de Derecho y Ciencias Sociales "Felipe J. Tena" Biblioteca de la Facultad de Derecho y Ciencias Sociales "Felipe J. Tena" General 13/06/2023 1a ed. Ciencias Sociales y Administrativas   KGF4400 S46 2002 BFD000015103 13/06/2023 1 1.00 Libro